Traduction des Pokémon de la 5G [EN>FR] - Statistiques

Statistiques générales
  • Ce quiz a été pris 41 fois
  • Le résultat moyen est 15 sur 20
Statistiques - réponses
Nom anglais Nom français % Correct
Archeops Aéroptéryx
100%
Scraggy Baggiguane
100%
Basculin Bargantua
100%
Samurott Clamiral
100%
Klang Clic
100%
Cobalion Cobaltium
100%
Axew Coupenotte
100%
Crustle Crabaraque
100%
Seismitoad Crapustule
100%
Krookodile Crocorible
100%
Sigilyph Cryptéro
100%
Emolga Emolga
100%
Krokorok Escroco
100%
Whimsicott Farfaduvet
100%
Pansear Flamajou
100%
Lilligant Fragilady
100%
Genesect Genesect
100%
Ferroseed Grindur
100%
Pignite Grotichon
100%
Tepig Gruikui
100%
Braviary Gueriaigle
100%
Cryogonal Hexagel
100%
Keldeo Keldeo
100%
Mienfoo Kungfouine
100%
Kyurem Kyurem
100%
Swanna Lakmécygne
100%
Escavalier Lançargot
100%
Liepard Léopardus
100%
Servine Lianaja
100%
Accelgor Limaspeed
100%
Chandelure Lugulabre
100%
Serperior Majaspic
100%
Maractus Maracachi
100%
Carracosta Mégapagos
100%
Meloetta Meloetta
100%
Munna Munna
100%
Musharna Mushana
100%
Galvantula Mygavolt
100%
Audino Nanméouïe
100%
Ferrothorn Noacier
100%
Beartic Polagriffe
100%
Reshiram Reshiram
100%
Swoobat Rhinolove
100%
Bisharp Scalproie
100%
Whirlipede Scobolide
100%
Vanillite Sorbébé
100%
Terrakion Terrakium
100%
Haxorus Tranchodon
100%
Hydreigon Trioxhydre
100%
Foongus Trompignon
100%
Venipede Venipatte
100%
Victini Victini
100%
Virizion Viridium
100%
Zekrom Zekrom
100%
Zoroark Zoroark
100%
Zorua Zorua
100%
Jellicent Moyade
88%
Scolipede Brutapode
86%
Simipour Flotoutan
86%
Eelektrik Lampéroie
86%
Lampent Mélancolux
86%
Tornadus Boréas
83%
Minccino Chinchidou
83%
Golurk Golemastoc
83%
Fraxure Incisache
83%
Alomomola Mamanbo
83%
Stoutland Mastouffe
83%
Oshawott Moustillon
83%
Palpitoad Batracné
80%
Karrablast Carabing
80%
Unfezant Déflaisan
80%
Garbodor Miasmax
80%
Gurdurr Ouvrifier
80%
Patrat Ratentif
80%
Emboar Roitiflam
80%
Drilbur Rototaupe
80%
Joltik Statitik
80%
Mandibuzz Vaututrice
80%
Zebstrika Zéblitz
80%
Purrloin Chacripan
75%
Klinklang Cliticlic
75%
Dwebble Crabicoque
75%
Darmanitan Darumacho
75%
Darumaka Darumarond
75%
Zweilous Diamat
75%
Pansage Feuillajou
75%
Panpour Flotajou
75%
Bouffalant Frison
75%
Gigalith Gigalithe
75%
Dewott Mateloutre
75%
Duosion Méios
75%
Trubbish Miamiasme
75%
Solosis Nucléos
75%
Cubchoo Polarhume
75%
Snivy Vipélierre
75%
Vullaby Vostourno
75%
Blitzle Zébibron
75%
Sawk Karaclée
71%
Vanillish Sorboul
71%
Heatmor Aflamanoir
67%
Tirtouga Carapagos
67%
Timburr Charpenti
67%
Woobat Chovsourir
67%
Tranquill Colombeau
67%
Landorus Démétéros
67%
Shelmet Escargaume
67%
Golett Gringolem
67%
Leavanny Manternel
67%
Excadrill Minotaupe
67%
Eelektross Ohmassacre
67%
Larvesta Pyronille
67%
Pawniard Scalpion
67%
Mienshao Shaofouine
67%
Klink Tic
67%
Deerling Vivaldaim
67%
Gothita Scrutella
63%
Vanilluxe Sorbouboul
63%
Conkeldurr Bétochef
60%
Petilil Chlorobule
60%
Swadloon Couverdure
60%
Litwick Funécire
60%
Amoonguss Gaulet
60%
Watchog Miradar
60%
Herdier Ponchien
60%
Deino Solochi
60%
Yamask Tutafeh
60%
Tynamo Anchwatt
57%
Scrafty Baggaïd
50%
Cottonee Doudouvet
50%
Druddigon Drakkarmin
50%
Simisage Feuiloutan
50%
Thundurus Fulguris
50%
Sandile Mascaïman
50%
Gothorita Mesmérella
50%
Roggenrola Nodulithe
50%
Pidove Poichigeon
50%
Volcarona Pyrax
50%
Cofagrigus Tutankafer
50%
Frillish Viskuse
50%
Simisear Flamoutan
40%
Rufflet Furaiglon
40%
Ducklett Couaneton
33%
Durant Fermite
33%
Tympole Tritonde
33%
Archen Arkéapti
25%
Sawsbuck Haydaim
25%
Boldore Géolithe
0%
Throh Judokrak
0%
Sewaddle Larveyette
0%
Elgyem Lewsor
0%
Stunfisk Limonde
0%
Beheeyem Neitram
0%
Cinccino Pashmilla
0%
Lillipup Ponchiot
0%
Gothitelle Sidérella
0%
Reuniclus Symbios
0%
Aucun quiz correspondant
Distribution des résultats
% des personnes avec chaque résultat
Percentile par nombre de réponses
Votre historique - résultats
Vous n’avez pas pris ce quiz